[Event "34th European Club Cup 2018"]
[Site "Halkidiki"]
[Date "2018.10.17"]
[Round "6"]
[White "Reichardt, Robin"]
[Black "Pelantakis, Mihail"]
[Result "1-0"]
[WhiteElo "1993"]
[BlackElo "1782"]
[Annotator "NA"]
[PlyCount "147"]
[EventDate "2018.10.12"]
[EventType "team-tourn"]
[EventCountry "GRE"]
[SourceTitle "playchess.com"]
[Source "ChessBase"]
[SourceQuality "1"]
[WhiteTeam "En Passant"]
[BlackTeam "Chania CC"]

1. d4 Nf6 2. Nf3 e6 3. c4 a6 4. Nc3 c5 5. g3 b6 6. Bg2 Bb7 7. O-O cxd4 8. Nxd4 Bxg2 9. Kxg2 Qc7 10. Qd3 Nc6 11. Nxc6 Qxc6+ 12. e4 Rc8 13. Be3 Bc5 14. Rac1 O-O 15. b3 Bxe3 16. Qxe3 Qb7 17. Rfd1 b5 18. cxb5 axb5 19. f3 d5 20. exd5 b4 21. Ne4 Nxd5 22. Qe1 Qa7 23. Rxc8 Rxc8 24. Rd2 h6 25. Kh3 Qc7 26. Rd4 Ra8 27. Qe2 Qe5 28. Rc4 f5 29. f4 Qa1 30. Nd6 Qf6 31. Nb5 Re8 32. Nc7 Nxc7 33. Rxc7 e5 34. Qc4+ Kh7 35. fxe5 Rxe5 36. Qxb4 f4 37. Qxf4 Rh5+ 38. Kg2 Qb2+ 39. Kf3 Qb1 40. Qe4+ Qxe4+ 41. Kxe4 Rxh2 42. a4 Rg2 43. Kf3 Ra2 44. Rb7 h5 45. Rb5 Kh6 46. a5 g5 47. Rb6+ Kg7 48. a6 Kf7 49. b4 Ra3+ 50. Ke4 h4 51. gxh4 gxh4 52. Rh6 Ra4 53. Kf5 Kg7 54. Rxh4 Rxa6 55. Ke4 Kf7 56. Kd3 Ke7 57. Kc4 Kd7 58. Kb5 Rg6 59. Rc4 Rg1 60. Kb6 Rb1 61. b5 Rb2 62. Ka6 Ra2+ 63. Kb7 Rb2 64. Rd4+ Ke7 65. b6 Rb1 66. Kc7 Rc1+ 67. Kb8 Rb1 68. b7 Rb2 69. Ka7 Ra2+ 70. Kb6 Rb2+ 71. Kc6 Ke6 72. Re4+ Kf6 73. Re8 Rc2+ 74. Kd5 1-0

[Event "34th European Club Cup 2018"]
[Site "Halkidiki"]
[Date "2018.10.17"]
[Round "6"]
[White "Artola Pola, Gerardo"]
[Black "Arnott, Jonathan W"]
[Result "0-1"]
[WhiteElo "1988"]
[BlackElo "2116"]
[Annotator "NA"]
[PlyCount "30"]
[EventDate "2018.10.12"]
[EventType "team-tourn"]
[EventCountry "GRE"]
[SourceTitle "playchess.com"]
[Source "ChessBase"]
[SourceQuality "1"]
[WhiteTeam "Dublin"]
[BlackTeam "White Rose"]

1. e4 e6 2. d4 d5 3. Nc3 Nc6 4. Nf3 Nf6 5. e5 Ne4 6. Ne2 f6 7. exf6 Qxf6 8. Ng3 Bb4+ 9. c3 Nxc3 10. bxc3 Bxc3+ 11. Bd2 Bxd4 12. Rc1 O-O 13. Bb5 Ne5 14. Rxc7 Nxf3+ 15. gxf3 Qe5+ 0-1

[Event "34th European Club Cup 2018"]
[Site "Halkidiki"]
[Date "2018.10.17"]
[Round "6"]
[White "Adams, Philip"]
[Black "Grandell, Anders"]
[Result "1/2-1/2"]
[WhiteElo "1980"]
[BlackElo "2268"]
[Annotator "ChessBase"]
[PlyCount "153"]
[EventDate "2018.10.12"]
[EventType "team-tourn"]
[EventCountry "GRE"]
[SourceTitle "playchess.com"]
[Source "ChessBase"]
[SourceQuality "1"]
[WhiteTeam "Oldham"]
[BlackTeam "Team Viking"]

1. e4 c5 2. Nf3 g6 3. d4 cxd4 4. Nxd4 Nc6 5. c4 Nf6 6. Nc3 d6 7. Be2 Nxd4 8. Qxd4 Bg7 9. Be3 O-O 10. Qd2 Be6 11. Rc1 Qa5 12. f3 Rfc8 13. b3 Qd8 14. O-O a6 15. Rfd1 Nd7 16. Bf1 Qf8 17. Kh1 a5 18. Na4 Rc6 19. Nc3 Nc5 20. Nb5 Rcc8 21. Nd4 Bd7 22. Rb1 Rcb8 23. Rdc1 Qe8 24. Be2 Rc8 25. Bd1 b5 26. cxb5 Bxb5 27. Be2 Bxe2 28. Qxe2 Qd7 29. Nb5 a4 30. bxa4 Nxa4 31. Rxc8+ Rxc8 32. Rc1 Rb8 33. h3 h5 34. Nd4 Rb2 35. Qc4 Nc5 36. Nb3 Ne6 37. Rc2 Rxc2 38. Qxc2 Qb5 39. Kg1 Be5 40. Qc8+ Kh7 41. Qc2 Bf4 42. Bf2 Qb4 43. g3 Be3 44. Bxe3 Qe1+ 45. Kg2 Qxe3 46. Qf2 Qd3 47. Qd2 Qc4 48. h4 Qb5 49. Nd4 Nxd4 50. Qxd4 Qe2+ 51. Qf2 Qc4 52. Qb2 e6 53. a3 d5 54. exd5 exd5 55. Kf2 d4 56. Qd2 Kg7 57. Ke1 Kg8 58. Kf2 Kh7 59. Ke1 d3 60. a4 Qd4 61. Kf1 Kg7 62. a5 Qc4 63. Kf2 Qc5+ 64. Kf1 Qd4 65. Kg2 Qc4 66. Kf2 Qd4+ 67. Kf1 Kf8 68. Kg2 Qc4 69. Kf2 Qc5+ 70. Kf1 Qd4 71. Kg2 Qd6 72. Kf2 Qc5+ 73. Kf1 Qc4 74. Kf2 Qd4+ 75. Kf1 Kg8 76. Kg2 Qc4 77. Kf2 1/2-1/2

[Event "34th European Club Cup 2018"]
[Site "Halkidiki"]
[Date "2018.10.17"]
[Round "6"]
[White "Hajra, Driton"]
[Black "Boel, Marcel"]
[Result "0-1"]
[WhiteElo "1978"]
[BlackElo "2241"]
[Annotator "NA"]
[PlyCount "118"]
[EventDate "2018.10.12"]
[EventType "team-tourn"]
[EventCountry "GRE"]
[SourceTitle "playchess.com"]
[Source "ChessBase"]
[SourceQuality "1"]
[WhiteTeam "Drejtesia"]
[BlackTeam "Apeldoorn"]

1. e4 c5 2. Nf3 d6 3. d4 cxd4 4. Nxd4 Nf6 5. Nc3 a6 6. Bg5 e6 7. Qd2 Nbd7 8. O-O-O Be7 9. f4 Qc7 10. f5 e5 11. Nb3 b5 12. Nd5 Nxd5 13. exd5 Nf6 14. Bd3 O-O 15. Bxf6 Bxf6 16. g4 Qe7 17. Kb1 Bh4 18. Be4 Bg5 19. Qf2 Bh4 20. Qd2 Bg5 21. Qf2 a5 22. h4 Bf4 23. Nc1 Bxc1 24. Rxc1 Ba6 25. g5 f6 26. Rcg1 Rac8 27. Qg2 Rc4 28. h5 fxg5 29. h6 Rf6 30. Bd3 gxh6 31. Bxc4 bxc4 32. Rh5 Qf8 33. Rgh1 Kh8 34. Qh3 Bc8 35. Rxh6 Rxh6 36. Qxh6 Qxh6 37. Rxh6 Kg7 38. Rh5 Kf6 39. Rxh7 Bxf5 40. Rh6+ Bg6 41. Kc1 g4 42. Kd2 Kg5 43. Rh1 Be4 44. Rh8 Bxd5 45. Rd8 Kf4 46. Rxd6 g3 47. Ke2 Bf3+ 48. Kf1 Ke3 49. b3 Be2+ 50. Kg2 c3 51. a3 Bf3+ 52. Kxg3 Be4 53. b4 axb4 54. axb4 Bxc2 55. Rc6 Kd2 56. b5 Be4 57. Rd6+ Ke2 58. Rd7 c2 59. Rc7 Kd2 0-1

[Event "34th European Club Cup 2018"]
[Site "Halkidiki"]
[Date "2018.10.17"]
[Round "6"]
[White "Wambach, Patrick"]
[Black "Risting, Eivind Olav"]
[Result "1/2-1/2"]
[WhiteElo "1958"]
[BlackElo "2299"]
[Annotator "NA"]
[PlyCount "79"]
[EventDate "2018.10.12"]
[EventType "team-tourn"]
[EventCountry "GRE"]
[SourceTitle "playchess.com"]
[Source "ChessBase"]
[SourceQuality "1"]
[WhiteTeam "Echternach"]
[BlackTeam "SK Oslo"]

1. Nf3 d5 2. c4 d4 3. d3 c5 4. g3 Nc6 5. Bg2 e5 6. O-O Nf6 7. Bg5 Be7 8. Nbd2 O-O 9. a3 a5 10. Ne1 h6 11. Bxf6 Bxf6 12. Nc2 Be7 13. Nf3 Bf5 14. Nfe1 Ra6 15. e4 Bd7 16. f4 Rb6 17. Rb1 f5 18. exf5 Bxf5 19. Bd5+ Kh8 20. Ng2 Qd6 21. Qe2 Rb3 22. Nce1 exf4 23. Nxf4 Ne5 24. Be4 Bg4 25. Nf3 Bxf3 26. Bxf3 Bf6 27. Be4 Rb6 28. Nd5 Ra6 29. Nxf6 Rxf6 30. Rxf6 Qxf6 31. Rf1 Qe7 32. Bxb7 Rf6 33. Be4 Nd7 34. Qg4 Rxf1+ 35. Kxf1 Qf7+ 36. Ke2 Qe8 37. Qg6 Qxg6 38. Bxg6 Kg8 39. Be4 Kf7 40. h3 1/2-1/2

[Event "34th European Club Cup 2018"]
[Site "Halkidiki"]
[Date "2018.10.17"]
[Round "6"]
[White "Svendsen, Peter Willer"]
[Black "Nelson, Jonathan P"]
[Result "0-1"]
[WhiteElo "1948"]
[BlackElo "2181"]
[Annotator "NA"]
[PlyCount "112"]
[EventDate "2018.10.12"]
[EventType "team-tourn"]
[EventCountry "GRE"]
[SourceTitle "playchess.com"]
[Source "ChessBase"]
[SourceQuality "1"]
[WhiteTeam "Hillerod"]
[BlackTeam "Blackthorne"]

1. e4 d6 2. d4 Nf6 3. Nc3 e5 4. Nf3 exd4 5. Nxd4 Be7 6. h3 O-O 7. Be3 Re8 8. g4 d5 9. e5 c5 10. Nde2 d4 11. exf6 Bxf6 12. Bg2 dxe3 13. O-O Nc6 14. fxe3 Bg5 15. Nf4 Be6 16. Ne4 Qe7 17. Qe2 Bxf4 18. exf4 Bd5 19. Rfe1 Bxe4 20. Bxe4 Qf6 21. Qf2 Qxb2 22. Bxc6 bxc6 23. Qxc5 Qb6 24. Qf2 Kf8 25. Kg2 Qxf2+ 26. Kxf2 Rxe1 27. Rxe1 Rd8 28. Ke2 Rd4 29. Rb1 Rxf4 30. Rb8+ Ke7 31. Rb7+ Ke6 32. Rxa7 h5 33. gxh5 Rh4 34. Ra3 Rxh5 35. Re3+ Kd6 36. Rf3 f6 37. Rg3 g5 38. a4 Rh4 39. Rf3 Ke5 40. Ra3 g4 41. hxg4 Rxg4 42. a5 Rg7 43. a6 Ra7 44. Ke3 Kd5 45. Kf4 Kc5 46. Kf5 Kb5 47. Kxf6 Rxa6 48. c4+ Kb6 49. Rxa6+ Kxa6 50. Ke6 Ka5 51. c5 Kb4 52. Kd6 Kb5 53. Ke5 Kxc5 54. Ke4 Kc4 55. Ke3 Kc3 56. Ke2 Kc2 0-1

[Event "34th European Club Cup 2018"]
[Site "Halkidiki"]
[Date "2018.10.17"]
[Round "6"]
[White "Runarsson, Gunnar"]
[Black "Jessen, Alexander"]
[Result "0-1"]
[WhiteElo "1937"]
[BlackElo "2060"]
[Annotator "NA"]
[PlyCount "60"]
[EventDate "2018.10.12"]
[EventType "team-tourn"]
[EventCountry "GRE"]
[SourceTitle "playchess.com"]
[Source "ChessBase"]
[SourceQuality "1"]
[WhiteTeam "Viking CC"]
[BlackTeam "Jetsmark"]

1. d4 d5 2. c4 e6 3. Nc3 c6 4. Nf3 dxc4 5. e4 b5 6. a3 Bb7 7. Be2 a6 8. O-O Nd7 9. Qc2 Ngf6 10. Bg5 Be7 11. e5 Nd5 12. Ne4 O-O 13. Nd6 Bxg5 14. Nxb7 Qe7 15. g3 Bh6 16. Na5 Rac8 17. h4 c5 18. Qe4 Rc7 19. Kg2 Rfc8 20. Rh1 c3 21. Ng5 Nf8 22. Bd3 cxb2 23. Rae1 Nc3 24. Qg4 cxd4 25. Ne4 Qxa3 26. Nd6 Qxa5 27. Nxc8 Rxc8 28. Qh5 Qd8 29. g4 Bd2 30. Ref1 g6 0-1

[Event "34th European Club Cup 2018"]
[Site "Halkidiki"]
[Date "2018.10.17"]
[Round "6"]
[White "Tardi, Oscar"]
[Black "Schwerteck, Michael"]
[Result "0-1"]
[WhiteElo "1931"]
[BlackElo "2077"]
[Annotator "NA"]
[PlyCount "74"]
[EventDate "2018.10.12"]
[EventType "team-tourn"]
[EventCountry "GRE"]
[SourceTitle "playchess.com"]
[Source "ChessBase"]
[SourceQuality "1"]
[WhiteTeam "Bois-Colombes"]
[BlackTeam "Bonnevoie"]

1. e4 e5 2. Nf3 Nc6 3. d4 exd4 4. Nxd4 Nf6 5. Nxc6 bxc6 6. Bd3 d5 7. exd5 cxd5 8. O-O Be7 9. b3 O-O 10. Bb2 Bg4 11. Qc1 Bh5 12. Nd2 Qd7 13. Re1 Rfe8 14. Nf1 Bg6 15. Bxg6 hxg6 16. Qd2 Rad8 17. Qa5 c5 18. Rad1 Bf8 19. Ne3 Qc6 20. h3 d4 21. Nc4 Nd5 22. Qd2 Qf6 23. a3 Nf4 24. Bc1 Nd5 25. Rxe8 Rxe8 26. Re1 Re6 27. Kf1 Be7 28. Qa5 Rxe1+ 29. Kxe1 Qe6+ 30. Kf1 Nc3 31. Qxa7 Qe2+ 32. Kg1 Qe1+ 33. Kh2 Ne2 34. Qb8+ Kh7 35. h4 Qxf2 36. Qc8 Qg1+ 37. Kh3 Qh1+ 0-1

[Event "34th European Club Cup 2018"]
[Site "Halkidiki"]
[Date "2018.10.17"]
[Round "6"]
[White "Van Diermen, Arie"]
[Black "Fyntrilakis, Kyriakos"]
[Result "0-1"]
[WhiteElo "1931"]
[BlackElo "1746"]
[Annotator "NA"]
[PlyCount "122"]
[EventDate "2018.10.12"]
[EventType "team-tourn"]
[EventCountry "GRE"]
[SourceTitle "playchess.com"]
[Source "ChessBase"]
[SourceQuality "1"]
[WhiteTeam "En Passant"]
[BlackTeam "Chania CC"]

1. e4 c5 2. Nc3 Nc6 3. g3 g6 4. Bg2 Bg7 5. d3 d6 6. Nf3 Nd4 7. h3 e6 8. O-O Ne7 9. Ne2 Nxf3+ 10. Bxf3 Nc6 11. c3 O-O 12. Be3 Ne5 13. Bg2 c4 14. d4 Nd3 15. Qd2 f6 16. Kh2 b5 17. e5 d5 18. f4 Rb8 19. b4 a5 20. a3 Ra8 21. exf6 Bxf6 22. Ng1 axb4 23. axb4 Bd7 24. Nf3 Qc7 25. Rfb1 Ra4 26. Rxa4 bxa4 27. Bf1 Bb5 28. Ra1 Ra8 29. Ra3 Qd7 30. Bxd3 cxd3 31. Ne1 Qc6 32. Nxd3 Qc4 33. Nc5 Kf7 34. Qd1 Be7 35. g4 Ra7 36. Kg3 Bd6 37. h4 Ra8 38. Qf3 Ke7 39. g5 Rf8 40. Bd2 Bxc5 41. bxc5 Rb8 42. h5 Bd7 43. hxg6 hxg6 44. Ra1 Rb2 45. Qe3 Bb5 46. Re1 Qd3 47. Bc1 Rc2 48. Qxd3 Bxd3 49. Rh1 Rxc3 50. Bb2 Rb3 51. Rh7+ Kd8 52. Ba1 Be4+ 53. Kf2 Ra3 54. Rh8+ Kc7 55. Rh7+ Kc6 56. Re7 Rxa1 57. Rxe6+ Kd7 58. Rd6+ Kc7 59. f5 Bxf5 60. Rxd5 a3 61. Rd6 a2 0-1

[Event "34th European Club Cup 2018"]
[Site "Halkidiki"]
[Date "2018.10.17"]
[Round "6"]
[White "Ruchko, Denis"]
[Black "Uruci, Endrit"]
[Result "0-1"]
[WhiteElo "1908"]
[BlackElo "2177"]
[Annotator "NA"]
[PlyCount "92"]
[EventDate "2018.10.12"]
[EventType "team-tourn"]
[EventCountry "GRE"]
[SourceTitle "playchess.com"]
[Source "ChessBase"]
[SourceQuality "1"]
[WhiteTeam "Ballinasloe"]
[BlackTeam "Dardania"]

1. d4 Nf6 2. c4 g6 3. Nc3 Bg7 4. e4 d6 5. Be2 Na6 6. Nf3 c5 7. d5 O-O 8. O-O Nc7 9. Bf4 Nh5 10. Bg5 h6 11. Be3 Nf6 12. Nd2 e5 13. f4 exf4 14. Bxf4 Re8 15. Bd3 Bg4 16. Qe1 g5 17. Be3 b5 18. Nxb5 Nxb5 19. cxb5 Nxd5 20. Nc4 Nxe3 21. Nxe3 Be6 22. Qd2 Be5 23. Rad1 Bxa2 24. Nf5 Qf6 25. Ra1 Bb3 26. Ra6 Bxb2 27. Rxd6 Re6 28. Rxe6 Bd4+ 29. Nxd4 Qxd4+ 30. Qf2 Qxf2+ 31. Kxf2 Bxe6 32. Rc1 c4 33. Be2 Rb8 34. Rc2 Rxb5 35. Bxc4 Rc5 36. Bb3 Rxc2+ 37. Bxc2 Kf8 38. Ba4 Ke7 39. Ke3 Kd6 40. Kd4 f6 41. g3 Bd7 42. Bd1 Bc6 43. h4 a5 44. hxg5 hxg5 45. Bc2 a4 46. Kc4 a3 0-1

[Event "34th European Club Cup 2018"]
[Site "Halkidiki"]
[Date "2018.10.17"]
[Round "6"]
[White "Andersen, Peter Vestergaard"]
[Black "Karavitaki, Evaggelia"]
[Result "1/2-1/2"]
[WhiteElo "1902"]
[BlackElo "1828"]
[Annotator "NA"]
[PlyCount "83"]
[EventDate "2018.10.12"]
[EventType "team-tourn"]
[EventCountry "GRE"]
[SourceTitle "playchess.com"]
[Source "ChessBase"]
[SourceQuality "1"]
[WhiteTeam "Nordkalotten"]
[BlackTeam "Chania CA"]

1. e4 c5 2. Nf3 e6 3. c3 d5 4. exd5 Qxd5 5. d4 Nc6 6. Be3 cxd4 7. cxd4 Nf6 8. Nc3 Qd8 9. Bb5 Bd7 10. O-O a6 11. Bxc6 Bxc6 12. Ne5 Bd5 13. Nxd5 Nxd5 14. Qb3 Qb6 15. Qxb6 Nxb6 16. Rac1 Nd5 17. a3 Be7 18. Rc2 O-O 19. Rfc1 Rfd8 20. h3 Kf8 21. Kf1 h5 22. Ke2 Bf6 23. Nf3 Ke7 24. g3 Ke8 25. h4 Be7 26. Rc4 Bd6 27. Bg5 f6 28. Bd2 Ne7 29. Ba5 Rd7 30. Bd2 Nc6 31. Be3 Rad8 32. R1c2 Bb8 33. Rd2 Rd5 34. Rc5 Ba7 35. Rxd5 Rxd5 36. Rd3 Ke7 37. Rb3 b5 38. Rd3 Na5 39. b3 Nc6 40. Rc3 Kd7 41. Rd3 Bb6 42. Rd1 1/2-1/2

[Event "34th European Club Cup 2018"]
[Site "Halkidiki"]
[Date "2018.10.17"]
[Round "6"]
[White "O`brien, George"]
[Black "Hamiti, Gani"]
[Result "1/2-1/2"]
[WhiteElo "1902"]
[BlackElo "2149"]
[Annotator "NA"]
[PlyCount "116"]
[EventDate "2018.10.12"]
[EventType "team-tourn"]
[EventCountry "GRE"]
[SourceTitle "playchess.com"]
[Source "ChessBase"]
[SourceQuality "1"]
[WhiteTeam "Ballinasloe"]
[BlackTeam "Dardania"]

1. Nf3 d5 2. g3 Nf6 3. Bg2 e6 4. c4 Bd6 5. d4 O-O 6. b3 b6 7. Nbd2 Bb7 8. O-O c5 9. Bb2 Nbd7 10. e3 Re8 11. Ne5 Qc7 12. Nxd7 Qxd7 13. dxc5 bxc5 14. Bxf6 gxf6 15. Qg4+ Kh8 16. cxd5 f5 17. dxe6 fxe6 18. Qh5 Bxg2 19. Kxg2 e5 20. Nc4 Bc7 21. Rfd1 Qe6 22. Rd2 Re7 23. Rad1 Rf8 24. f4 exf4 25. exf4 Bxf4 26. Rd8 Bh6 27. Rxf8+ Bxf8 28. Rd8 Qe4+ 29. Qf3 Kg7 30. Qxe4 fxe4 31. Kf2 Re6 32. Rd7+ Kg6 33. Rxa7 Bg7 34. Rb7 Bd4+ 35. Ke2 Kg5 36. Rf7 h5 37. a4 Kg6 38. Rf4 Re8 39. a5 Rb8 40. Nb6 Bc3 41. Nc4 Bd4 42. Rxe4 Kf6 43. Kd2 Rxb3 44. a6 Rb4 45. Kd3 Ra4 46. Rh4 Kg5 47. Rf4 Rxa6 48. Ke4 Ra2 49. h4+ Kh6 50. Kd5 Rg2 51. Nd6 Kg6 52. Ne4 Rc2 53. g4 hxg4 54. Rxg4+ Kh5 55. Rf4 Rh2 56. Nxc5 Bxc5 57. Kxc5 Rxh4 58. Rxh4+ Kxh4 1/2-1/2

[Event "34th European Club Cup 2018"]
[Site "Halkidiki"]
[Date "2018.10.17"]
[Round "6"]
[White "Mathioulakis, Fanis"]
[Black "Van Twillert, Laurents"]
[Result "0-1"]
[WhiteElo "1856"]
[BlackElo "2117"]
[Annotator "NA"]
[PlyCount "140"]
[EventDate "2018.10.12"]
[EventType "team-tourn"]
[EventCountry "GRE"]
[SourceTitle "playchess.com"]
[Source "ChessBase"]
[SourceQuality "1"]
[WhiteTeam "Chania CC"]
[BlackTeam "En Passant"]

1. e4 c5 2. Nf3 Nc6 3. d4 cxd4 4. Nxd4 e5 5. Nb5 d6 6. c4 a6 7. N5c3 f5 8. exf5 Bxf5 9. Bd3 Bxd3 10. Qxd3 Be7 11. Nd5 Nf6 12. Nbc3 O-O 13. Be3 Nxd5 14. Nxd5 Bg5 15. Bb6 Qd7 16. O-O Bd8 17. Rad1 Qf7 18. Be3 Re8 19. Qe4 Re6 20. b3 Bf6 21. Qg4 Rae8 22. Qe4 Bd8 23. Rd3 Qh5 24. Bc1 Qg6 25. Qxg6 Rxg6 26. Re1 Ba5 27. Re4 Bb4 28. a3 Bc5 29. b4 Ba7 30. Be3 Bxe3 31. Rdxe3 Ne7 32. Nxe7+ Rxe7 33. Kf1 Rc7 34. g3 Rf6 35. Ke2 b5 36. cxb5 axb5 37. f4 exf4 38. gxf4 Rc2+ 39. Kf3 Rxh2 40. Kg3 Rc2 41. Re7 Rf7 42. Re8+ Rf8 43. R8e7 Rc4 44. Rd7 Rcxf4 45. Rxd6 R4f5 46. Rd7 Rg5+ 47. Kh3 h6 48. Rg3 Rxg3+ 49. Kxg3 Ra8 50. Rb7 Rxa3+ 51. Kg4 Ra1 52. Rxb5 Rg1+ 53. Kh3 Kh7 54. Rb6 h5 55. Kh4 g6 56. b5 Kh6 57. Rc6 Rg4+ 58. Kh3 Rb4 59. Rb6 h4 60. Rb8 Kg5 61. b6 Rb3+ 62. Kg2 Kg4 63. b7 h3+ 64. Kf1 Rb1+ 65. Kf2 Rb2+ 66. Kf1 h2 67. Rh8 Kg3 68. Rh6 g5 69. Rh5 g4 70. b8=Q+ Rxb8 0-1

[Event "34th European Club Cup 2018"]
[Site "Halkidiki"]
[Date "2018.10.17"]
[Round "6"]
[White "Loo, Bernd"]
[Black "Rudolf, Henrik"]
[Result "0-1"]
[WhiteElo "1849"]
[BlackElo "2306"]
[Annotator "NA"]
[PlyCount "100"]
[EventDate "2018.10.12"]
[EventType "team-tourn"]
[EventCountry "GRE"]
[SourceTitle "playchess.com"]
[Source "ChessBase"]
[SourceQuality "1"]
[WhiteTeam "Wirtzfeld"]
[BlackTeam "Berlin"]

1. d4 Nf6 2. Nc3 d5 3. Bg5 Nbd7 4. f3 h6 5. Bh4 c6 6. e4 g5 7. Bg3 e6 8. Bd3 Bg7 9. Qd2 Qb6 10. Na4 Qxd4 11. Nc3 Qb4 12. O-O-O d4 13. Nce2 Qxd2+ 14. Rxd2 e5 15. h4 Nh5 16. hxg5 hxg5 17. Nh3 Nf8 18. Rdd1 g4 19. Nf2 gxf3 20. gxf3 Be6 21. Ng4 Ng6 22. Kb1 Ke7 23. Bf2 c5 24. Ng3 Nxg3 25. Bxg3 c4 26. Be2 b5 27. Nf2 Bh6 28. Bh4+ Nxh4 29. Rxh4 Be3 30. Rxh8 Rxh8 31. Rh1 Rxh1+ 32. Nxh1 Bf4 33. Nf2 Kf6 34. b3 Kg5 35. a4 a6 36. axb5 axb5 37. Ka2 Bg3 38. Nd1 Kf4 39. Ka3 Be1 40. bxc4 Bxc4 41. Bxc4 bxc4 42. Nb2 Kxf3 43. Nxc4 Kxe4 44. Nd6+ Kd5 45. Nxf7 e4 46. Ng5 Bd2 47. Nh3 Be3 48. Kb3 Ke5 49. Kc4 Kf5 50. Kd5 d3 0-1

[Event "34th European Club Cup 2018"]
[Site "Halkidiki"]
[Date "2018.10.17"]
[Round "6"]
[White "Gheury, Jean-Marie"]
[Black "Van Beek, Alexander"]
[Result "0-1"]
[WhiteElo "1833"]
[BlackElo "2281"]
[Annotator "NA"]
[PlyCount "68"]
[EventDate "2018.10.12"]
[EventType "team-tourn"]
[EventCountry "GRE"]
[SourceTitle "playchess.com"]
[Source "ChessBase"]
[SourceQuality "1"]
[WhiteTeam "Echiquier Amaytois"]
[BlackTeam "BSG"]

1. d4 Nf6 2. Nc3 d5 3. Bg5 c5 4. Bxf6 gxf6 5. e3 e6 6. Qh5 Nc6 7. Nge2 Bd7 8. dxc5 Qa5 9. Nd4 Qxc5 10. Nb3 Qe7 11. O-O-O f5 12. g4 fxg4 13. e4 O-O-O 14. exd5 exd5 15. Nxd5 Qe5 16. Qxe5 Nxe5 17. Bg2 Be6 18. Rhe1 Nf3 19. Bxf3 gxf3 20. Nc3 Bd6 21. h4 Be7 22. h5 Bh4 23. Rxd8+ Rxd8 24. Nd1 Bc4 25. Nd2 Be2 26. Ne4 f5 27. Nec3 Bxd1 28. Nxd1 Bg5+ 29. Ne3 Re8 30. Kd2 Rd8+ 31. Kc1 Rd4 32. c3 Rh4 33. Kc2 Rh2 34. Rf1 Bxe3 0-1

[Event "34th European Club Cup 2018"]
[Site "Halkidiki"]
[Date "2018.10.17"]
[Round "6"]
[White "Boland, Dylan"]
[Black "Andersen, Soren Mikkel"]
[Result "0-1"]
[WhiteElo "1830"]
[BlackElo "2159"]
[Annotator "TA"]
[PlyCount "198"]
[EventDate "2018.10.12"]
[EventType "team-tourn"]
[EventCountry "GRE"]
[SourceTitle "playchess.com"]
[Source "ChessBase"]
[SourceQuality "1"]
[WhiteTeam "St Benildus"]
[BlackTeam "Bronshoj"]

1. d4 d5 2. c4 c6 3. Nf3 Nf6 4. Nc3 e6 5. e3 Nbd7 6. Bd3 dxc4 7. Bxc4 b5 8. Bd3 a6 9. O-O c5 10. Re1 Bb7 11. Qe2 Be7 12. a3 Qc7 13. Bd2 Rc8 14. Rac1 O-O 15. dxc5 Nxc5 16. Bc2 Qb8 17. h3 Nce4 18. Red1 Nxd2 19. Rxd2 b4 20. axb4 Bxb4 21. Rd4 Bc5 22. Ra4 g6 23. Bd3 Rc6 24. Ne4 Be7 25. Nxf6+ Bxf6 26. Rxc6 Bxc6 27. Rxa6 Rc8 28. Ra1 Qxb2 29. Qxb2 Bxb2 30. Rb1 Bf6 31. Rc1 Rd8 32. Bxg6 Bxf3 33. Bxh7+ Kxh7 34. gxf3 Kg6 35. Rc4 Rg8 36. Kh2 Be5+ 37. Kh1 Ra8 38. Rc5 Bf6 39. Rc4 Ra5 40. Re4 Rb5 41. Rc4 Be7 42. Rg4+ Kh6 43. Rc4 Rb7 44. Ra4 Bb4 45. Kg2 Kh5 46. Kh1 Be1 47. Ra2 Bc3 48. Rc2 Bf6 49. Rc5+ Kh4 50. Kg2 Be7 51. Rc4+ Kh5 52. Rc2 Bh4 53. Rc8 Bf6 54. Rc5+ Kg6 55. Rc4 Rb2 56. Ra4 Be7 57. Rg4+ Kh6 58. Rf4 f5 59. Rd4 Kg6 60. Ra4 Bc5 61. Kg3 Bb4 62. Ra1 Kh5 63. Rc1 Be7 64. Rc4 Bd6+ 65. Kg2 Bb4 66. Rc6 e5 67. Rb6 f4 68. exf4 exf4 69. Rb7 Bc3 70. Rh7+ Kg6 71. Rh4 Kg5 72. Rg4+ Kf5 73. Kf1 Bd4 74. Rg2 Rb1+ 75. Ke2 Rh1 76. Kd3 Bf6 77. Rg8 Rxh3 78. Ke2 Rh1 79. Rc8 Rb1 80. Rc5+ Be5 81. Ra5 Rb2+ 82. Kf1 Ke6 83. Ra4 Bd6 84. Ra5 Be7 85. Ra4 Bd6 86. Ra6 Kd5 87. Ra4 Be5 88. Ra5+ Kd4 89. Ra4+ Kd3 90. Re4 Rb1+ 91. Kg2 Rb5 92. Kf1 Kd2 93. Kg2 Ra5 94. Kh3 Kd3 95. Kg2 Bd6 96. Kf1 Rh5 97. Kg2 Rg5+ 98. Kh1 Re5 99. Ra4 Ke2 0-1

[Event "34th European Club Cup 2018"]
[Site "Halkidiki"]
[Date "2018.10.17"]
[Round "6"]
[White "Krasniqi, Avni"]
[Black "Dunne, John P."]
[Result "1-0"]
[WhiteElo "1821"]
[BlackElo "1481"]
[Annotator "NA"]
[PlyCount "71"]
[EventDate "2018.10.12"]
[EventType "team-tourn"]
[EventCountry "GRE"]
[SourceTitle "playchess.com"]
[Source "ChessBase"]
[SourceQuality "1"]
[WhiteTeam "Dardania"]
[BlackTeam "Ballinasloe"]

1. e4 d5 2. exd5 Qxd5 3. d4 c6 4. Nf3 Bg4 5. Be2 Nf6 6. Be3 e6 7. c4 Qa5+ 8. Nbd2 Bb4 9. O-O Qc7 10. Nb3 Bd6 11. h3 h5 12. c5 Bf4 13. Bxf4 Qxf4 14. Na5 Qc7 15. Nc4 Bxf3 16. Nd6+ Ke7 17. Bxf3 g5 18. b4 g4 19. hxg4 hxg4 20. Bxg4 Ne4 21. g3 Nxd6 22. cxd6+ Qxd6 23. a3 f5 24. Bf3 Nd7 25. Re1 Rag8 26. Qe2 Rg6 27. Rad1 Kf8 28. d5 cxd5 29. Bxd5 Qb6 30. Kf1 Rh2 31. Bg2 Rh7 32. Qc2 Qb5+ 33. Kg1 f4 34. Qxg6 Rg7 35. Qxe6 Rf7 36. Bd5 1-0

[Event "34th European Club Cup 2018"]
[Site "Halkidiki"]
[Date "2018.10.17"]
[Round "6"]
[White "Kenny, William"]
[Black "Christensen, Esben"]
[Result "0-1"]
[WhiteElo "1787"]
[BlackElo "2017"]
[Annotator "NA"]
[PlyCount "86"]
[EventDate "2018.10.12"]
[EventType "team-tourn"]
[EventCountry "GRE"]
[SourceTitle "playchess.com"]
[Source "ChessBase"]
[SourceQuality "1"]
[WhiteTeam "St Benildus"]
[BlackTeam "Bronshoj"]

1. d4 Nf6 2. c4 c5 3. d5 b5 4. cxb5 a6 5. b6 g6 6. Nc3 d6 7. e4 Nbd7 8. Nf3 Bg7 9. Be2 O-O 10. O-O Nxb6 11. a4 a5 12. Bf4 Ba6 13. Bxa6 Rxa6 14. Qe2 Ra8 15. Rad1 Re8 16. Rfe1 Qd7 17. Qb5 Rab8 18. Qxd7 Nfxd7 19. e5 dxe5 20. Nxe5 Nxe5 21. Bxe5 Bxe5 22. Rxe5 Nc4 23. Re4 Nxb2 24. Rde1 Kf8 25. Nb5 Red8 26. Nc7 Rb7 27. Rxe7 Nd3 28. Re8+ Rxe8 29. Rxe8+ Kg7 30. Nb5 Nb2 31. Nc3 Nxa4 32. h4 Nxc3 33. Ra8 Nxd5 34. Rxa5 Rc7 35. Kf1 Kf6 36. Ke2 Ke5 37. g3 h5 38. f3 c4 39. Kd2 Kd4 40. Ra4 Rb7 41. Kc2 Ne3+ 42. Kc1 Kd3 43. Ra8 c3 0-1